La rambla
Sábháilte in:
| Príomhchruthaitheoir: | |
|---|---|
| Formáid: | LEABHAR |
| Teanga: | Spáinnis |
| Foilsithe / Cruthaithe: |
Madrid
E.M.E.S.A
1978
|
| Sraith: | Novelas y Cuentos
|
| Ábhair: | |
| Clibeanna: |
Cuir clib leis
Níl clibeanna ann, Bí ar an gcéad duine le clib a chur leis an taifead seo!
|
MARC
| LEADER | 00000nam a2200000 a 4500 | ||
|---|---|---|---|
| 001 | UCQ5635 | ||
| 003 | CL-VaPUC | ||
| 008 | 981002e19780000SP |||||||||||||||||spa|d | ||
| 082 | 0 | 4 | |a 863 |b CON |2 21 |
| 100 | 0 | |a Conde, Carmen |e author |9 419683 | |
| 245 | 1 | 3 | |a La rambla |
| 300 | |a 149 p | ||
| 942 | |c BK | ||
| 945 | |d 19981002 00:00:00 |a crobeson | ||
| 260 | |a Madrid |b E.M.E.S.A |c 1978 | ||
| 650 | 0 | |a Novelas españolas |9 265052 | |
| 650 | 0 | |a Literatura española |9 306261 | |
| 583 | |a last modification |c 19981002 00:00:00 |k Rodrigo Vera | ||
| 490 | 0 | |a Novelas y Cuentos | |
| 999 | |c 275840 |d 275838 | ||
| 952 | |0 0 |1 0 |4 0 |6 863_000000000000000_CON_1978 |7 0 |8 A |9 312684 |a BIBEDU |b BIBEDU |d 2019-11-20 |i 1475371 |o 863 CON 1978 |p 1475371 |r 2019-11-20 |w 2019-11-20 |y BK |k LIT | ||